NFL Teams by Backup Quarterback 2015 Quiz Stats

 Plays Quiz Updated Apr 11, 2016

Score 0/32 Timer 04:00
9 Plays Today
Backup QB NFL Team % Correct
Johnny ManzielCleveland Browns
91.9%
Brock OsweilerDenver Broncos
91.2%
Jimmy GaroppoloNew England Patriots
89.1%
EJ ManuelBuffalo Bills
85.8%
AJ McCarronCincinnati Bengals
81.4%
Michael VickPittsburgh Steelers
79.3%
Blaine GabbertSan Francisco 49ers
77.4%
Zach MettenbergerTennessee Titans
77.4%
Mike GlennonTampa Bay Buccaneers
75.3%
Matt Hasselbeck Indianapolis Colts
74.1%
Brandon WeedenDallas Cowboys
73.1%
Mark SanchezPhiladelphia Eagles
72.2%
Bryce PettyNew York Jets
71.3%
Ryan MallettHouston Texans
69.9%
Case KeenumSt. Louis Rams
67.6%
Drew StantonArizona Cardinals
66.6%
Backup QB NFL Team % Correct
Tarvaris JacksonSeattle Seahawks
64.9%
Matt MooreMiami Dolphins
63.1%
Colt McCoyWashington Redskins
62.6%
Derek AndersonCarolina Panthers
61.6%
Chad HenneJacksonville Jaguars
60.6%
Chase DanielKansas City Chiefs
59.9%
Luke McCownNew Orleans Saints
57.5%
Jimmy ClausenChicago Bears
56.8%
Dan OrlovskyDetroit Lions
55.3%
Matt McGloinOakland Raiders
55.1%
Ryan NassibNew York Giants
54.2%
Scott TolzienGreen Bay Packers
54.1%
Matt SchaubBaltimore Ravens
49.8%
Shaun HillMinnesota Vikings
44.4%
Kellen ClemensSan Diego Chargers
35.6%
TJ YatesAtlanta Falcons
31.2%

You're not logged in!

Compare scores with friends on all Sporcle quizzes.
OR
Log In

You Might Also Like...

Show Comments

Extras

Top Quizzes Today


Score Distribution

Your Account Isn't Verified!

In order to create a playlist on Sporcle, you need to verify the email address you used during registration. Go to your Sporcle Settings to finish the process.

Report this User

Report this user for behavior that violates our Community Guidelines.

Details: